Escudos de Seleções da Copa do Mundo de 1958 - Statistics

Estatísticas Gerais
  • Esse quiz foi jogado 99 vezes
  • A pontuação média é 15 de 16
Estatísticas das Respostas
Imagem Resposta % Correto
Alemanha
100%
Argentina
100%
Brasil
100%
Escócia
99%
França
99%
Inglaterra
99%
México
99%
Paraguai
99%
Suécia
99%
Irlanda do Norte
98%
Áustria
96%
Hungria
95%
União Soviética
94%
País de Gales
89%
Iugoslávia
73%
Tchecoslováquia
68%
Nenhum quiz correspondente encontrado
Distribuição das Pontuações
Porcentagem de Pessoas com Cada Pontuação
Percentil de Números Respondidos
Sua Pontuação Histórica
Você não jogou esse quiz